Kannst du diese Radiohead Songs an Emojis erkennen? #2 - Statistiken

Allgemein
  • Dieses Quiz wurde 9 mal gespielt
  • Das Durchschnittsergebnis liegt bei 9 aus 10
Antwortstatistiken
Hint Antwort % Korrekt
1️⃣5️⃣🚶 15 step
100%
✌️+✌️=🖐️ 2+2=5
88%
🐺👉🚪 A wolf at the door
88%
🏠🃏 House of Cards
88%
🪷🌸 Lotus flower
88%
⛓️🫁 My Iron Lung
88%
⛵👉🌙 sail to the moon
88%
🧗⬆️🧱 Climbing up the Walls
75%
🔪⤴️ Knives out
75%
📦🐟🥫 Packt Like Sardines in a Crushd Tin Box
75%
Keine übereinstimmenden Quizze gefunden
Verteilung der Resultate
Anzahl Personen mit jedem Resultat
Perzentil nach korrekt beantworteten Fragen
Ihre Resultats-Entwicklung
Sie haben dieses Quiz noch nicht gespielt